[Event "Vlcnov Oharka Memorial"]
[Site "Vlcnov"]
[Date "2018.12.26"]
[Round "7"]
[White "Buran, Jaroslav"]
[Black "Stana, Marek"]
[Result "1-0"]
[WhiteElo "2212"]
[BlackElo "1964"]
[PlyCount "63"]
[EventDate "2018.12.26"]
[EventType "swiss"]
[EventRounds "9"]
[EventCountry "CZE"]
[SourceTitle "CBM 188 Extra"]
[Source "ChessBase"]
[SourceDate "2019.02.26"]
[SourceVersion "1"]
[SourceVersionDate "2019.02.26"]
[SourceQuality "1"]

1. Nf3 c5 2. c3 Nc6 3. d4 cxd4 4. cxd4 d5 5. Nc3 Nf6 6. Bf4 Bf5 7. Qb3 Qd7 8. Ne5 Qc8 9. e3 e6 10. Bb5 Nd7 11. 0-0 Ndxe5 12. Bxe5 f6 13. Bg3 Be7 14. Rac1 0-0 15. Rfd1 a6 16. Bxc6 bxc6 17. Na4 Ra7 18. Qb6 Rb7 19. Qxa6 Rb4 20. Qxc8 Rxc8 21. b3 Kf7 22. Rc3 Ke8 23. Rdc1 Kd7 24. h3 Rb5 25. Nc5+ Kd8 26. a4 Rb6 27. a5 Rb5 28. a6 Ra8 29. Ra1 Bxc5 30. Rxc5 Rxc5 31. dxc5 Ra7 32. Bb8 1-0

[Event "CZE-chT2E 1718"]
[Site "Czech Republic"]
[Date "2018.04.08"]
[Round "11.2"]
[White "Stana, Marek"]
[Black "Skalsky, Alexandr"]
[Result "0-1"]
[WhiteElo "1958"]
[BlackElo "2152"]
[PlyCount "46"]
[EventDate "2017.10.15"]
[EventType "team-tourn"]
[EventRounds "11"]
[EventCountry "CZE"]
[SourceTitle "EXT 2022"]
[Source "ChessBase"]
[SourceDate "2021.10.06"]
[SourceVersion "1"]
[SourceVersionDate "2021.10.06"]
[SourceQuality "1"]
[WhiteTeam "Vlcnov"]
[BlackTeam "Stare Mesto II"]
[WhiteTeamCountry "CZE"]
[BlackTeamCountry "CZE"]

1. d4 Nf6 2. Nf3 g6 3. c4 Bg7 4. Nc3 d5 5. Bf4 0-0 6. e3 c5 7. Be5 cxd4 8. Nxd4 Nbd7 9. Bg3 Nc5 10. cxd5 Nxd5 11. Bc4 Nxc3 12. bxc3 Ne4 13. Rc1 Nxg3 14. hxg3 b6 15. Qf3 Bd7 16. Qe4 Rc8 17. Bb3 e5 18. Nf3 Bf5 19. Qh4 h6 20. e4 Qxh4 21. Rxh4 g5 22. Rxh6 Bxh6 23. exf5 g4 0-1

[Event "CZE-chT2E 1718"]
[Site "Czech Republic"]
[Date "2018.01.14"]
[Round "6.1"]
[White "Stana, Marek"]
[Black "Stanec, Stanislav"]
[Result "1-0"]
[WhiteElo "1958"]
[BlackElo "2046"]
[PlyCount "95"]
[EventDate "2017.10.15"]
[EventType "team-tourn"]
[EventRounds "11"]
[EventCountry "CZE"]
[SourceTitle "EXT 2022"]
[Source "ChessBase"]
[SourceDate "2021.10.06"]
[SourceVersion "1"]
[SourceVersionDate "2021.10.06"]
[SourceQuality "1"]
[WhiteTeam "Vlcnov"]
[BlackTeam "Prusanky Podluzan"]
[WhiteTeamCountry "CZE"]
[BlackTeamCountry "CZE"]

1. c4 Nf6 2. g3 g6 3. Bg2 Bg7 4. Nc3 0-0 5. e4 d6 6. Nge2 c6 7. 0-0 Nbd7 8. d3 e5 9. h3 Ne8 10. Kh2 f5 11. d4 Qb6 12. d5 c5 13. Rb1 Ndf6 14. Be3 Qa6 15. Qd3 fxe4 16. Bxe4 Nxe4 17. Nxe4 Bf5 18. N2c3 Nf6 19. a3 Nxe4 20. Nxe4 Rac8 21. g4 Bxe4 22. Qxe4 b5 23. Rfc1 Qa4 24. b4 cxb4 25. Rxb4 Qxa3 26. Rcb1 bxc4 27. Rb7 Qd3 28. f3 Qe2+ 29. Kg3 Rf7 30. Rxf7 Kxf7 31. Rb7+ Kf8 32. Bh6 Qxe4 33. Bxg7+ Kg8 34. fxe4 c3 35. Bh6 c2 36. Bc1 Rc3+ 37. Kh4 h6 38. Rxa7 Rc4 39. Rd7 Rxe4 40. Rxd6 g5+ 41. Kh5 Re1 42. Kg6 Kf8 43. Ba3 Ke8 44. Rc6 Re3 45. Bb2 Rxh3 46. Bxe5 Re3 47. Bf6 Rd3 48. Rd6 1-0

[Event "CZE-chT2E 1718"]
[Site "Czech Republic"]
[Date "2017.12.17"]
[Round "5.7"]
[White "Sedy, Ctirad"]
[Black "Stana, Marek"]
[Result "0-1"]
[WhiteElo "1896"]
[BlackElo "1958"]
[PlyCount "94"]
[EventDate "2017.10.15"]
[EventType "team-tourn"]
[EventRounds "11"]
[EventCountry "CZE"]
[SourceTitle "EXT 2022"]
[Source "ChessBase"]
[SourceDate "2021.10.06"]
[SourceVersion "1"]
[SourceVersionDate "2021.10.06"]
[SourceQuality "1"]
[WhiteTeam "Hustopece"]
[BlackTeam "Vlcnov"]
[WhiteTeamCountry "CZE"]
[BlackTeamCountry "CZE"]

1. e4 c5 2. Bc4 Nc6 3. Nc3 e6 4. a3 Nf6 5. d3 d5 6. exd5 Nxd5 7. Nge2 Nb6 8. Ba2 Bd7 9. 0-0 Be7 10. Be3 Rc8 11. f4 0-0 12. Ne4 Na5 13. Qe1 Nd5 14. Bd2 Nc6 15. c3 Qb6 16. Bc1 Na5 17. Qg3 Nf6 18. Nxf6+ Bxf6 19. Qf2 Bb5 20. c4 Ba6 21. Rb1 Nb3 22. Be3 Rfd8 23. Rfd1 Bd4 24. Nc3 Bxe3 25. Qxe3 Nd4 26. g4 Qc6 27. b4 b5 28. bxc5 Qxc5 29. Nxb5 Bxb5 30. cxb5 Ne2+ 31. Kf2 Qxe3+ 32. Kxe3 Nc3 33. Bb3 Nxb1 34. Rxb1 Rc3 35. Bc4 Rxa3 36. Rb2 Kf8 37. h4 Ke7 38. Ke4 g6 39. g5 Rd6 40. Rh2 Ra1 41. h5 Re1+ 42. Kf3 Rf1+ 43. Ke2 Rxf4 44. hxg6 hxg6 45. Rg2 Rdd4 46. Ke3 Rg4 47. Ra2 Rd7 0-1

[Event "Stare Mesto op"]
[Site "Stare Mesto"]
[Date "2012.08.17"]
[Round "9"]
[White "Dvoulety, Pavel"]
[Black "Stana, Marek"]
[Result "1-0"]
[WhiteElo "2159"]
[BlackElo "1946"]
[PlyCount "67"]
[EventDate "2012.08.10"]
[EventType "swiss"]
[EventRounds "10"]
[EventCountry "CZE"]
[SourceTitle "CBM 149 Extra"]
[Source "ChessBase"]
[SourceDate "2012.08.24"]
[SourceVersion "1"]
[SourceVersionDate "2012.08.24"]
[SourceQuality "1"]

1. e4 c5 2. Nc3 Nc6 3. g3 g6 4. Bg2 Bg7 5. d3 d6 6. Be3 e5 7. Qd2 Be6 8. Nge2 Qd7 9. f4 Nge7 10. 0-0 f5 11. Rab1 0-0 12. Nd5 Nd4 13. Nc1 Nxd5 14. exd5 Bf7 15. b4 b6 16. c3 Nb5 17. Ne2 c4 18. a4 cxd3 19. Qxd3 Na3 20. Ra1 e4 21. Qd1 Nc4 22. Bd4 Bh6 23. g4 fxg4 24. Bxe4 Rae8 25. Ng3 Qb7 26. Qxg4 Bxd5 27. Bxg6 hxg6 28. Qxg6+ Bg7 29. Nh5 Re6 30. Qg5 Re2 31. Rf2 Rxf2 32. Kxf2 Ne5 33. Rg1 Bc4 34. Qxg7+ 1-0

[Event "Stare Mesto op"]
[Site "Stare Mesto"]
[Date "2010.08.13"]
[Round "1"]
[White "Kireev, Aleksei"]
[Black "Stana, Marek"]
[Result "1-0"]
[WhiteElo "2355"]
[BlackElo "1851"]
[PlyCount "79"]
[EventDate "2010.08.13"]
[EventType "swiss"]
[EventRounds "10"]
[EventCountry "CZE"]
[SourceTitle "CBM 138 Extra"]
[Source "ChessBase"]
[SourceDate "2010.10.29"]
[SourceVersion "1"]
[SourceVersionDate "2010.10.29"]
[SourceQuality "1"]

1. d4 f5 2. g4 d5 3. g5 c5 4. c3 e6 5. Bf4 Ne7 6. Nf3 Nbc6 7. h4 Ng6 8. Bh2 Bd6 9. Bxd6 Qxd6 10. Na3 a6 11. e3 e5 12. dxe5 Ngxe5 13. Nxe5 Qxe5 14. Bg2 Be6 15. Qd2 f4 16. 0-0-0 fxe3 17. Qxe3 Qxe3+ 18. fxe3 0-0-0 19. Nc2 Rhf8 20. Rhf1 Rxf1 21. Rxf1 Kd7 22. b4 cxb4 23. cxb4 b6 24. Rf4 Kd6 25. Bf1 a5 26. bxa5 bxa5 27. Bd3 Ne5 28. Kd2 Nxd3 29. Kxd3 Ke7 30. Nd4 Bd7 31. Nb3 Bb5+ 32. Kd4 a4 33. Nc5 a3 34. Rf2 Bc4 35. e4 Rf8 36. Rc2 Rf4 37. Ke5 Rxh4 38. exd5 h6 39. Ne6 hxg5 40. Nd4 1-0

[Event "CZE-chT U20 final-B 0910"]
[Site "Pavla Vlachovice"]
[Date "2010.04.24"]
[Round "10.1"]
[White "Stana, Marek"]
[Black "Rubes, Jan"]
[Result "1-0"]
[WhiteElo "1812"]
[BlackElo "2078"]
[PlyCount "77"]
[EventDate "2010.04.23"]
[EventType "team-tourn"]
[EventRounds "11"]
[EventCountry "CZE"]
[SourceTitle "EXT 2011"]
[Source "ChessBase"]
[SourceDate "2010.11.26"]
[SourceVersion "1"]
[SourceVersionDate "2010.11.26"]
[SourceQuality "1"]
[WhiteTeam "Stare Mesto (U20)"]
[BlackTeam "Most (U20)"]
[WhiteTeamCountry "CZE"]
[BlackTeamCountry "CZE"]

1. c4 e5 2. e4 Nf6 3. d3 Bb4+ 4. Nc3 Bxc3+ 5. bxc3 0-0 6. g3 d6 7. Bg2 a6 8. Ne2 b5 9. cxb5 axb5 10. 0-0 Be6 11. a3 c5 12. f4 Bg4 13. h3 Bxe2 14. Qxe2 b4 15. cxb4 cxb4 16. Bb2 bxa3 17. Bxa3 Re8 18. Kh2 Nc6 19. Bb2 Qb6 20. Bc3 Rxa1 21. Rxa1 Qb3 22. Qd2 Rc8 23. d4 exd4 24. Bxd4 Nxd4 25. Qxd4 h6 26. e5 dxe5 27. fxe5 Nh7 28. h4 Nf8 29. Ra7 Rc2 30. Qf4 Ng6 31. Qf5 Re2 32. Ra8+ Kh7 33. h5 Qd5 34. hxg6+ fxg6 35. Qf1 Qxe5 36. Qf8 g5 37. Qg8+ Kg6 38. Ra6+ Kh5 39. Qf7+ 1-0

[Event "CZE-chTE U20 0910"]
[Site "Czech Republic"]
[Date "2010.01.23"]
[Round "6.1"]
[White "Stana, Marek"]
[Black "Seidl, Antonin"]
[Result "1-0"]
[WhiteElo "1812"]
[BlackElo "1963"]
[PlyCount "157"]
[EventDate "2009.10.03"]
[EventType "team-tourn"]
[EventRounds "7"]
[EventCountry "CZE"]
[SourceTitle "EXT 2011"]
[Source "ChessBase"]
[SourceDate "2010.11.26"]
[SourceVersion "1"]
[SourceVersionDate "2010.11.26"]
[SourceQuality "1"]
[WhiteTeam "Stare Mesto (U20)"]
[BlackTeam "Bedrichov (U20)"]
[WhiteTeamCountry "CZE"]
[BlackTeamCountry "CZE"]

1. c4 Nf6 2. Nc3 e5 3. g3 g6 4. Bg2 Bg7 5. e4 0-0 6. Nge2 d6 7. 0-0 Be6 8. d3 Nbd7 9. h3 c6 10. f4 Qb6+ 11. Kh2 exf4 12. gxf4 Qa5 13. Ng3 h5 14. Bd2 h4 15. Nge2 Qh5 16. Bf3 Qh7 17. b3 Nh5 18. Rg1 f5 19. Rc1 Nc5 20. Be3 Rae8 21. e5 Nd7 22. exd6 Bxc4 23. Bd4 Ba6 24. Bxg7 Nxg7 25. b4 Re3 26. Qb3+ Kh8 27. b5 Bxb5 28. Nxb5 Rxf3 29. Nc7 Nh5 30. Qb4 Rf2+ 31. Rg2 Rxg2+ 32. Kxg2 Nb6 33. a4 Qf7 34. Kf3 Rd8 35. Nd4 Nd5 36. Qb2 Nhf6 37. Nce6 Rxd6 38. Re1 b6 39. Ng5 Qd7 40. Nde6 Kg8 41. a5 c5 42. axb6 axb6 43. Qa1 Qb7 44. Kf2 Rd7 45. Re2 Re7 46. Ra2 Qc6 47. Ra8+ Ne8 48. Rd8 Rxe6 49. Nxe6 Qxe6 50. Qa2 Qe3+ 51. Kg2 Qg3+ 52. Kh1 Qxh3+ 53. Kg1 Qg3+ 54. Kh1 Qe1+ 55. Kh2 Qg3+ 56. Kh1 Qf3+ 57. Kg1 Qd1+ 58. Kh2 Kh7 59. Qxd5 Qe2+ 60. Kg1 h3 61. Qa8 Qg4+ 62. Kh2 Qxf4+ 63. Kxh3 Qe3+ 64. Kg2 Qe2+ 65. Kg1 Qe3+ 66. Kg2 Qd2+ 67. Kf1 Qc1+ 68. Kg2 Qb2+ 69. Kh3 Nc7 70. Rd7+ Kh6 71. Qf8+ Kg5 72. Rxc7 Qe5 73. Qe7+ Qxe7 74. Rxe7 Kf4 75. Kg2 g5 76. Kf2 g4 77. Re6 g3+ 78. Kg2 b5 79. Rc6 1-0

[Event "CZE-chTE U20 0910"]
[Site "Czech Republic"]
[Date "2009.10.23"]
[Round "5.1"]
[White "Stana, Marek"]
[Black "Gabriel, Adam"]
[Result "1-0"]
[WhiteElo "1812"]
[BlackElo "2049"]
[PlyCount "85"]
[EventDate "2009.10.03"]
[EventType "team-tourn"]
[EventRounds "7"]
[EventCountry "CZE"]
[SourceTitle "EXT 2011"]
[Source "ChessBase"]
[SourceDate "2010.11.26"]
[SourceVersion "1"]
[SourceVersionDate "2010.11.26"]
[SourceQuality "1"]
[WhiteTeam "Stare Mesto (U20)"]
[BlackTeam "Borsice (U20)"]
[WhiteTeamCountry "CZE"]
[BlackTeamCountry "CZE"]

1. c4 b5 2. cxb5 e5 3. Nf3 e4 4. Nd4 Bc5 5. Nb3 Bb6 6. e3 Qg5 7. Nc3 Nf6 8. h4 Qg6 9. d4 a6 10. a4 0-0 11. a5 Ba7 12. Nc5 d6 13. Nxa6 Nxa6 14. bxa6 c5 15. Nb5 Bxa6 16. Nxd6 Bxf1 17. Kxf1 Rfd8 18. Nb5 Ng4 19. Nxa7 Rxa7 20. Rh3 Qf5 21. Qe2 h5 22. Bd2 cxd4 23. exd4 Rxd4 24. Bc3 Rd6 25. Kg1 Qf4 26. b4 Rd3 27. f3 Rxc3 28. fxg4 e3 29. Rf3 Qxb4 30. gxh5 Qxh4 31. Rh3 Qf4 32. a6 Qe5 33. Rd1 Qa5 34. h6 g6 35. h7+ Kh8 36. Qb2 Ra8 37. Rxe3 Qc5 38. Qxc3+ Qxc3 39. Rxc3 Rxa6 40. Rh3 Ra8 41. Rd7 Rf8 42. Kf2 Kg7 43. h8Q+ 1-0

[Event "CZE-chTE U20 0910"]
[Site "Czech Republic"]
[Date "2009.10.03"]
[Round "1.1"]
[White "Kracik, Tomas"]
[Black "Stana, Marek"]
[Result "1-0"]
[WhiteElo "2112"]
[BlackElo "1812"]
[PlyCount "63"]
[EventDate "2009.10.03"]
[EventType "team-tourn"]
[EventRounds "7"]
[EventCountry "CZE"]
[SourceTitle "EXT 2011"]
[Source "ChessBase"]
[SourceDate "2010.11.26"]
[SourceVersion "1"]
[SourceVersionDate "2010.11.26"]
[SourceQuality "1"]
[WhiteTeam "Rychnov nad Kneznou (U20)"]
[BlackTeam "Stare Mesto (U20)"]
[WhiteTeamCountry "CZE"]
[BlackTeamCountry "CZE"]

1. d4 d5 2. Nf3 Nf6 3. b3 g6 4. Bb2 Bg7 5. e3 Bf5 6. Nbd2 Nbd7 7. Be2 c6 8. 0-0 0-0 9. c4 Rc8 10. Nh4 Be6 11. f4 Ne4 12. Nxe4 dxe4 13. g4 f5 14. Rb1 Bf6 15. g5 Bg7 16. Ng2 Bf7 17. h4 Qa5 18. Qc2 b5 19. h5 gxh5 20. Bc3 b4 21. Ba1 Nb6 22. Kf2 Bg6 23. Rh1 Kf7 24. Bxh5 Nd7 25. Qe2 Rh8 26. Nh4 e6 27. Rbd1 a6 28. d5 cxd5 29. Bxg7 Kxg7 30. Qb2+ Kf7 31. Nxg6 hxg6 32. Bxg6+ 1-0